|
|
|
|
| LEADER |
01082nam a2200277 a 4500 |
| 001 |
14824041 |
| 008 |
130424r20112007enka b 001 0 eng d |
| 010 |
|
|
|a 2007296741
|
| 020 |
|
|
|a 0199558012X
|
| 020 |
|
|
|a 9780199580125
|
| 020 |
|
|
|a 0199272069 (pbk.)
|
| 020 |
|
|
|a 9780199272068 (pbk.)
|
| 040 |
|
|
|a UKM
|c UKM
|d BWKUK
|d YDXCP
|d BAKER
|d DLC
|d BD-DhAAL
|
| 082 |
0 |
4 |
|a 577.015118
|2 22
|
| 100 |
1 |
|
|a Smith, Jo U.,
|d 1964-
|
| 245 |
1 |
0 |
|a Introduction to environmental modelling /
|c Jo Smith and Pete Smith.
|
| 246 |
1 |
4 |
|a Environmental modelling
|
| 260 |
|
|
|a Oxford ;
|a New York :
|b Oxford University Press,
|c 2007.[Reprinted 2011]
|
| 300 |
|
|
|a ix, 180 p. :
|b ill. ;
|c 25 cm.
|
| 504 |
|
|
|a Includes bibliographical references and index.
|
| 541 |
1 |
|
|e 00026859
|
| 650 |
|
0 |
|a Environmental sciences
|x Mathematical models.
|
| 700 |
1 |
|
|a Smith, Pete.
|
| 852 |
1 |
|
|a Ayesha Abed Library
|j General Shelf.
|
| 999 |
|
|
|c 13343
|d 13343
|
| 952 |
|
|
|0 0
|1 0
|2 ddc
|4 0
|6 577_015118000000000_SMI
|7 0
|9 22248
|a IGS
|b IGS
|c GEN
|d 2012-04-27
|e Mullick & Brothers
|g 550.00
|l 0
|o 577.015118 SMI
|p 3010026859
|r 2013-04-28
|t 1
|w 2012-04-27
|y BK
|